Pressupost de la Generalitat de Catalunya per a l'exercici econòmic corresponent al...
Descripción Física:
2 v. ; 17'5 x 25'5 cm
MARC
| LEADER | 00000nam a2200000Ia 4500 | ||
|---|---|---|---|
| 001 | 1073, 1074 | ||
| 008 | 160829s1934 - 1936 xx 000 0 cat d | ||
| 080 | |a M-3-40, M-3-41 | ||
| 110 | 1 | |a Catalunya. |b Generalitat |9 12125 | |
| 245 | |a Pressupost de la Generalitat de Catalunya per a l'exercici econòmic corresponent al... | ||
| 260 | |a Barcelona : |b (Imp. de la Casa de Caritat), |c 1934 - 1936 | ||
| 300 | |a 2 v. ; |c 17'5 x 25'5 cm | ||
| 590 | |a Conté: 1934 : segon semestre; 1936 . segon semestre | ||
| 610 | 1 | 0 | |a Catalunya. |b Generalitat |x Assignacions pressupostàries i despeses |9 55724 |
| 901 | |a Arxiu | ||
| 942 | |n 1 | ||
| 952 | |0 0 |1 0 |4 0 |6 M340_M341 |7 1 |9 45245 |a Arxiu |b Arxiu |d 2016-12-01 |l 0 |o M-3-40, M-3-41 |p 1073, 1074 |r 2016-12-01 00:00:00 |w 2016-12-01 |y ARXIU | ||
| 999 | |c 48319 |d 48319 | ||